00231pam a2200109 a 4500020000500000041000500005082001300010100001500023245004200038260003000080300001100110 c h a302bGOR aGore, M.S. aSocial DevelopmenthTextual Documents aJaipurbRawat Publication a397/CB